000 00462nam a2200145 4500
008 030227s2000 us chi
020 _a9570471018
090 _aBS2397
_bL12t
_b2
100 1 _aLadd, George Eldon
245 1 0 _aA theology of the New Testament {ch} /
_cGeorge Eldon Ladd.
260 _aMichigan :
_bEerdmans,
_cc2000.
300 _a816 p.
650 4 _aBible. N.T.
_xTheology{ch}.
951 _pC-6657
_oBS2397/L12t/2-4
_j070613111503109
_d2000-12-21
_cCH
999 _c23788
_d23788